| 000 | 00631cam a2200217 4500 | ||
|---|---|---|---|
| 001 | B3338 | ||
| 008 | 090401t1989 xxu||||| |||| 00| 0 eng d | ||
| 035 | _a(Sirsi) u55442 | ||
| 041 | _aeng | ||
| 050 | _a692.8 | ||
| 110 |
_aJoint Contracts Tribunal _93664 |
||
| 245 | _aStandard form of building contract with quantities 1980 edition ... contractor`s designed portion supplement | ||
| 250 | _aRevised ed. | ||
| 260 |
_aLondon _bRIBA Publications Ltd _c1989 |
||
| 300 | _a(14)p. ; 30cm. | ||
| 350 | _a5 | ||
| 650 | _aCONTRACTORS DESIGN | ||
| 650 | _aJCT STANDARD FORM OF CONTRACT 1980 | ||
| 942 | _n0 | ||
| 948 | _c04/03/1997 | ||
| 999 |
_c93610 _d93610 |
||